|
|
|
|
| LEADER |
00000nab a2200000 a 4500 |
| 001 |
vtls010123085 |
| 003 |
SK-MaSNL |
| 005 |
20260305035405.0 |
| 008 |
100813c2009 xo r m 000 00pol |
| 015 |
|
|
|a SNBRA2010/08SVKPO
|
| 038 |
|
|
|a SVKPO
|
| 040 |
|
|
|a SVKPOCL
|c slo
|e AACR2
|
| 041 |
0 |
|
|a pol
|
| 044 |
|
|
|a xo
|c SK
|
| 080 |
|
|
|a 14(38)
|2 2001
|
| 080 |
|
|
|a 101.8
|2 2001
|
| 080 |
|
|
|a 165.242.1
|2 2001
|
| 080 |
|
|
|a 1-051
|2 2001
|
| 080 |
|
|
|a 159.9
|2 2001
|
| 100 |
1 |
|
|a Olesiński, Dariusz
|4 aut
|9 1617941
|
| 245 |
1 |
0 |
|a Samopoznanie jako motyw Platońskiej psychologii w dialogu Fajdros
|c Dariusz Olesiński
|
| 500 |
|
|
|a Dr. Dariusz Olesiński - Instytut Filozofii Universytet Śląski w Katowicach
|
| 504 |
|
|
|a Bibliogr. odkazy
|
| 546 |
|
|
|a Res. angl. s. 133
|
| 600 |
1 |
7 |
|a Platón,
|d 427 pred Kr.-347 pred Kr.
|t Faidros
|2 svkpocl
|
| 650 |
0 |
7 |
|a klasická grécka filozofia
|2 svkpocl
|9 66922
|
| 650 |
0 |
7 |
|a sebapoznanie
|x filozofické aspekty
|2 svkpocl
|9 481241
|
| 773 |
0 |
|
|t Sokratika : sebapoznanie a starosť o seba / Vladislav Suvák (ed.)
|d Prešov : Filozofická fakulta Prešovskej univerzity, 2009
|g S. 94-107
|z 9788055500508
|
| 852 |
|
|
|a SVKPO
|b KIS3GCP
|
| 958 |
|
|
|a SK
|
| 958 |
|
|
|a NB
|
| 999 |
|
|
|c 3333593
|d 3335523
|